Tous les champions de ligue 1 depuis 1932-1933 - Statistiques

Statistiques générales
  • Ce quiz a été pris 229 fois
    184 depuis la dernière actualisation
  • Le résultat moyen est 74 sur 83
Statistiques - réponses
saison champion % Correct
2021-2022 Paris Saint-Germain
100%
2019-2020 Paris Saint-Germain
100%
2018-2019 Paris Saint-Germain
100%
2017-2018 Paris Saint-Germain
100%
2015-2016 Paris Saint-Germain
100%
2014-2015 Paris Saint-Germain
100%
2013-2014 Paris Saint-Germain
100%
2012-2013 Paris Saint-Germain
100%
1993-1994 Paris Saint-Germain
100%
1985-1986 Paris Saint-Germain
100%
2007-2008 Olympique Lyon
99%
2006-2007 Olympique Lyon
99%
2005-2006 Olympique Lyon
99%
2004-2005 Olympique Lyon
99%
2003-2004 Olympique Lyon
99%
2002-2003 Olympique Lyon
99%
2001-2002 Olympique Lyon
99%
2020-2021 Lille OSC
98%
2010-2011 Lille OSC
98%
1953-1954 Lille OSC
98%
1945-1946 Lille OSC
98%
2009-2010 Olympique Marseille
98%
1991-1992 Olympique Marseille
98%
1990-1991 Olympique Marseille
98%
1989-1990 Olympique Marseille
98%
1988-1989 Olympique Marseille
98%
1971-1972 Olympique Marseille
98%
1970-1971 Olympique Marseille
98%
1947-1948 Olympique Marseille
98%
1936-1937 Olympique Marseille
98%
2016-2017 AS Monaco
96%
1999-2000 AS Monaco
96%
1996-1997 AS Monaco
96%
1987-1988 AS Monaco
96%
1981-1982 AS Monaco
96%
1977-1978 AS Monaco
96%
1962-1963 AS Monaco
96%
1960-1961 AS Monaco
96%
2008-2009 Girondins Bordeaux
94%
1998-1999 Girondins Bordeaux
94%
1986-1987 Girondins Bordeaux
94%
1984-1985 Girondins Bordeaux
94%
1983-1984 Girondins Bordeaux
94%
1949-1950 Girondins Bordeaux
94%
1980-1981 AS Saint-Étienne
92%
1975-1976 AS Saint-Étienne
92%
1974-1975 AS Saint-Étienne
92%
1973-1974 AS Saint-Étienne
92%
1969-1970 AS Saint-Étienne
92%
1968-1969 AS Saint-Étienne
92%
1967-1968 AS Saint-Étienne
92%
1966-1967 AS Saint-Étienne
92%
1963-1964 AS Saint-Étienne
92%
1956-1957 AS Saint-Étienne
92%
2011-2012 Montpellier HSC
91%
1932-1933 Olympique Lillois Lille
90%
1997-1998 RC Lens
89%
2000-2001 FC Nantes
88%
1994-1995 FC Nantes
88%
1982-1983 FC Nantes
88%
1979-1980 FC Nantes
88%
1976-1977 FC Nantes
88%
1972-1973 FC Nantes
88%
1965-1966 FC Nantes
88%
1964-1965 FC Nantes
88%
1958-1959 OGC Nice
85%
1955-1956 OGC Nice
85%
1951-1952 OGC Nice
85%
1950-1951 OGC Nice
85%
1978-1979 RC Strasbourg
78%
1995-1996 AJ Auxerre
75%
1961-1962 Stade Reims
74%
1959-1960 Stade Reims
74%
1957-1958 Stade Reims
74%
1954-1955 Stade Reims
74%
1952-1953 Stade Reims
74%
1948-1949 Stade Reims
74%
1937-1938 FC Sochaux
56%
1934-1935 FC Sochaux
56%
1938-1939 FC Sète
42%
1933-1934 FC Sète
42%
1946-1947 Olympique Roubaix-Tourcoing
36%
1935-1936 Racing Club de France
13%
Aucun quiz correspondant
Distribution des résultats
% des personnes avec chaque résultat
Percentile par nombre de réponses
Votre historique - résultats
Vous n’avez pas pris ce quiz depuis la dernière actualisation